000
00314 a2200157 4500
001
25891
020
_a
9788576653202
040
_c
Anchieta - São Paulo/Itaigara
100
_a
Gomes, Laurentino
240
1
0
_a
1808
_l
por
245
1
0
_a
1808
300
_a
367
362
0
_a
2014
650
4
_a
Brasil
942
_c
BK
999
_c
25891
_d
25891